[Event "Madrid ch 2021-2022 Semifinal"]
[Site "Madrid ESP"]
[Date "2022.05.09"]
[Round "6.13"]
[White "Tenorio Garcia, Joel"]
[Black "Santamaria Baeza, Adolfo"]
[Result "1-0"]
[WhiteElo "2027"]
[BlackElo "1870"]
[PlyCount "57"]
[EventDate "2022.05.04"]
[EventType "swiss"]
[EventRounds "9"]
[EventCountry "ESP"]
[SourceTitle "Ajedrez en Madrid"]
[Source "lmi"]
[SourceDate "2022.05.04"]
[SourceVersion "1"]
[SourceVersionDate "2022.05.15"]
[SourceQuality "1"]

1. e4 e5 2. Nf3 Nc6 3. Nc3 Bc5 4. Nxe5 Bxf2+ 5. Kxf2 Nxe5 6. d4 Qf6+ 7. Kg1 Ne7
8. h4 N5g6 9. Bg5 Qb6 10. h5 Qxb2 11. Nb5 f6 12. Rh3 Qb4 13. Bd2 Qa4 14. Ra3
Qxa3 15. Nxa3 Nf8 16. Nb5 Ne6 17. d5 a6 18. Nxc7+ Nxc7 19. d6 Ne6 20. dxe7 Kxe7
21. Bb4+ Kf7 22. Qd6 Re8 23. Bc4 a5 24. Ba3 a4 25. Rd1 b5 26. Bxe6+ dxe6 27.
Qc7+ Kg8 28. Rd8 Ba6 29. Rd7 1-0

[Event "Madrid ch 2021-2022 Semifinal"]
[Site "Madrid ESP"]
[Date "2022.05.09"]
[Round "6.14"]
[White "Sanchez Garcia, Aurelio"]
[Black "Lorenzo Bailador, Alfredo"]
[Result "1/2-1/2"]
[WhiteElo "1988"]
[BlackElo "1962"]
[PlyCount "36"]
[EventDate "2022.05.04"]
[EventType "swiss"]
[EventRounds "9"]
[EventCountry "ESP"]
[SourceTitle "Ajedrez en Madrid"]
[Source "lmi"]
[SourceDate "2022.05.04"]
[SourceVersion "1"]
[SourceVersionDate "2022.05.15"]
[SourceQuality "1"]

1. Nf3 d5 2. e3 Bf5 3. c4 c6 4. cxd5 cxd5 5. Qb3 Qc8 6. Nc3 e6 7. Bb5+ Nc6 8.
Nd4 Bg6 9. Qa4 Nge7 10. b3 a6 11. Bxc6+ Nxc6 12. Nxc6 Qxc6 13. Qxc6+ bxc6 14.
Ke2 Bd6 15. d4 e5 16. dxe5 Bxe5 17. Bb2 O-O 18. Na4 Bxb2 1/2-1/2

[Event "Madrid ch 2021-2022 Semifinal"]
[Site "Madrid ESP"]
[Date "2022.05.09"]
[Round "6.15"]
[White "Lopez de Turiso, Jose Angel"]
[Black "Palomo Monserrat, Lorenzo"]
[Result "0-1"]
[WhiteElo "1933"]
[BlackElo "1862"]
[PlyCount "86"]
[EventDate "2022.05.04"]
[EventType "swiss"]
[EventRounds "9"]
[EventCountry "ESP"]
[SourceTitle "Ajedrez en Madrid"]
[Source "lmi"]
[SourceDate "2022.05.04"]
[SourceVersion "1"]
[SourceVersionDate "2022.05.15"]
[SourceQuality "1"]

1. e4 c5 2. Nf3 d6 3. d4 cxd4 4. Nxd4 Nf6 5. Nc3 Nc6 6. Bc4 e6 7. Be3 Be7 8. f3
O-O 9. Qd2 a6 10. a4 Qc7 11. Bd3 Rd8 12. O-O d5 13. exd5 exd5 14. Nce2 Be6 15.
c3 Bd6 16. g3 Ne5 17. a5 Nc4 18. Bxc4 dxc4 19. Nxe6 fxe6 20. Qc2 Bc5 21. Bf2
Rd3 22. Nd4 e5 23. Ne6 Bxf2+ 24. Rxf2 Qc6 25. Ng5 h6 26. Ne4 Nxe4 27. fxe4 Qxe4
28. Re2 Qd5 29. Rae1 Re8 30. Qa4 Qc5+ 31. Kg2 Rf8 32. Qc2 Rdf3 33. Qe4 Rf2+ 34.
Kh1 Qxa5 35. Qxc4+ Kh8 36. Rxf2 Rxf2 37. Qc8+ Kh7 38. Qxb7 Qb5 39. Qxb5 axb5
40. b4 Rf5 41. g4 Rg5 42. Re4 h5 43. h4 Rxg4 0-1

[Event "Madrid ch 2021-2022 Semifinal"]
[Site "Madrid ESP"]
[Date "2022.05.09"]
[Round "6.16"]
[White "Baeza Escudero, Javier"]
[Black "Moreno Torrero, Javier"]
[Result "1-0"]
[WhiteElo "1874"]
[BlackElo "1948"]
[PlyCount "103"]
[EventDate "2022.05.04"]
[EventType "swiss"]
[EventRounds "9"]
[EventCountry "ESP"]
[SourceTitle "Ajedrez en Madrid"]
[Source "lmi"]
[SourceDate "2022.05.04"]
[SourceVersion "1"]
[SourceVersionDate "2022.05.15"]
[SourceQuality "1"]

1. e4 c5 2. Nf3 Nc6 3. d4 cxd4 4. Nxd4 e6 5. Nc3 Nf6 6. Ndb5 Bb4 7. a3 Bxc3+ 8.
Nxc3 d5 9. Bd3 d4 10. Ne2 e5 11. O-O O-O 12. h3 Re8 13. Ng3 a6 14. f4 exf4 15.
Bxf4 h6 16. Qd2 Ne5 17. Qf2 Nxd3 18. cxd3 Nh7 19. Rac1 Be6 20. Ne2 Rc8 21. Nxd4
Qd7 22. Bd2 Nf8 23. Rxc8 Rxc8 24. Bc3 Ng6 25. Qg3 Kh7 26. Nf5 f6 27. d4 Bxf5
28. Rxf5 Re8 29. Qd3 Qe6 30. e5 fxe5 31. Rxe5 Qd7 32. Rxe8 Qxe8 33. d5 Kh8 34.
d6 Nf8 35. Qd4 Qd7 36. Qf4 Kg8 37. Qe5 Ng6 38. Qd4 Nf8 39. Qd5+ Ne6 40. Be5 Kf7
41. Qf3+ Ke8 42. Qf5 Kd8 43. Qh7 Qf7 44. Qh8+ Kd7 45. Qb8 Kc6 46. Qc8+ Kd5 47.
Bg3 Nc5 48. b4 Ne6 49. d7 b5 50. d8=Q+ Nxd8 51. Qxd8+ Kc4 52. Qc7+ 1-0

[Event "Madrid ch 2021-2022 Semifinal"]
[Site "Madrid ESP"]
[Date "2022.05.09"]
[Round "6.17"]
[White "Feal Albala, Alonso"]
[Black "Torres Rebolledo, Alvaro"]
[Result "1-0"]
[WhiteElo "1892"]
[BlackElo "1839"]
[PlyCount "77"]
[EventDate "2022.05.04"]
[EventType "swiss"]
[EventRounds "9"]
[EventCountry "ESP"]
[SourceTitle "Ajedrez en Madrid"]
[Source "lmi"]
[SourceDate "2022.05.04"]
[SourceVersion "1"]
[SourceVersionDate "2022.05.15"]
[SourceQuality "1"]

1. e4 e5 2. Nf3 Nc6 3. Bb5 a6 4. Ba4 Nf6 5. O-O Be7 6. Re1 b5 7. Bb3 O-O 8. a4
b4 9. d3 d6 10. h3 Na5 11. Ba2 Rb8 12. Nbd2 c5 13. Nf1 Be6 14. Ng3 b3 15. Bb1
bxc2 16. Bxc2 Nb3 17. Ra3 Nxc1 18. Qxc1 h6 19. Nh2 Rb4 20. b3 Qb6 21. Qb2 Rb8
22. Rb1 Nd7 23. Ne2 c4 24. dxc4 Nc5 25. Qc3 Bxc4 26. Nc1 a5 27. Na2 Bxb3 28.
Bxb3 Nxe4 29. Qc2 Bh4 30. Ng4 Nxf2 31. Nxf2 Rf4 32. Bxf7+ Rxf7 33. Rxb6 Rxb6
34. Rf3 Bf6 35. Ne4 d5 36. Nxf6+ gxf6 37. Rg3+ Rg7 38. Rxg7+ Kxg7 39. Qc7+ 1-0

[Event "Madrid ch 2021-2022 Semifinal"]
[Site "Madrid ESP"]
[Date "2022.05.10"]
[Round "7.1"]
[White "Horcajuelo Rocamora, Martin"]
[Black "Bravo De La Vega, Alvaro"]
[Result "1/2-1/2"]
[WhiteElo "2126"]
[BlackElo "2082"]
[PlyCount "50"]
[EventDate "2022.05.04"]
[EventType "swiss"]
[EventRounds "9"]
[EventCountry "ESP"]
[SourceTitle "Ajedrez en Madrid"]
[Source "lmi"]
[SourceDate "2022.05.04"]
[SourceVersion "1"]
[SourceVersionDate "2022.05.15"]
[SourceQuality "1"]

1. d4 Nf6 2. c4 e6 3. Nf3 d5 4. Nc3 Be7 5. g3 O-O 6. Bg2 c6 7. O-O b6 8. Ne5
Bb7 9. e4 dxc4 10. a4 Na6 11. Nxc4 Nb4 12. Re1 c5 13. e5 Nfd5 14. dxc5 Bxc5 15.
Ne4 Ba6 16. b3 Rc8 17. Qg4 Kh8 18. Ng5 Be7 19. Be4 Bxg5 20. Bxg5 Qd7 21. Qh3 f5
22. exf6 gxf6 23. Bh6 Rfe8 24. Rad1 Bxc4 25. bxc4 Rxc4 1/2-1/2

[Event "Madrid ch 2021-2022 Semifinal"]
[Site "Madrid ESP"]
[Date "2022.05.10"]
[Round "7.2"]
[White "Rottenwohrer Suarez, Juan"]
[Black "Centeno Mendoza, Julio Stefano"]
[Result "1/2-1/2"]
[WhiteElo "2256"]
[BlackElo "2050"]
[PlyCount "77"]
[EventDate "2022.05.04"]
[EventType "swiss"]
[EventRounds "9"]
[EventCountry "ESP"]
[SourceTitle "Ajedrez en Madrid"]
[Source "lmi"]
[SourceDate "2022.05.04"]
[SourceVersion "1"]
[SourceVersionDate "2022.05.15"]
[SourceQuality "1"]

1. d4 d5 2. c4 e6 3. g3 Nf6 4. Bg2 Be7 5. Nf3 O-O 6. O-O dxc4 7. Qc2 a6 8. a4
Bd7 9. Qxc4 Bc6 10. Bg5 Nbd7 11. Nc3 h6 12. Bxf6 Nxf6 13. b4 Ne4 14. Rfc1 Nxc3
15. Qxc3 Qd6 16. Ne5 Bxg2 17. Kxg2 c6 18. Rab1 Bf6 19. Nf3 Rfd8 20. e3 Rac8 21.
Qb3 e5 22. dxe5 Bxe5 23. Rd1 Qe7 24. Nxe5 Qxe5 25. Qc4 b5 26. Qc2 Rd5 27. Rxd5
Qxd5+ 28. Kg1 Rd8 29. Rc1 Rd6 30. axb5 axb5 31. Qc3 Qe4 32. h4 Rd3 33. Qc5 Rd2
34. Qc3 Qd5 35. e4 Qd4 36. Qf3 Rd3 37. Qg4 Rc3 38. Qc8+ Kh7 39. Qf5+ 1/2-1/2

[Event "Madrid ch 2021-2022 Semifinal"]
[Site "Madrid ESP"]
[Date "2022.05.10"]
[Round "7.3"]
[White "Torres Boch, Jose F."]
[Black "Ruiz Buendia, Miguel"]
[Result "0-1"]
[WhiteElo "2134"]
[BlackElo "2162"]
[PlyCount "70"]
[EventDate "2022.05.04"]
[EventType "swiss"]
[EventRounds "9"]
[EventCountry "ESP"]
[SourceTitle "Ajedrez en Madrid"]
[Source "lmi"]
[SourceDate "2022.05.04"]
[SourceVersion "1"]
[SourceVersionDate "2022.05.15"]
[SourceQuality "1"]

1. e4 c5 2. Nf3 d6 3. d4 cxd4 4. Nxd4 Nf6 5. Nc3 a6 6. Bg5 e6 7. f4 Qb6 8. Qd2
Qxb2 9. Rb1 Qa3 10. e5 h6 11. Bh4 dxe5 12. fxe5 g5 13. exf6 gxh4 14. Be2 Qa5
15. O-O h3 16. Qd3 Rg8 17. Bf3 Nd7 18. Rxb7 Ne5 19. Nb3 Bc5+ 20. Kh1 Bxb7 21.
Bxb7 Nxd3 22. Nxa5 hxg2+ 23. Bxg2 Nf2+ 24. Kg1 Nd1+ 25. Kh1 Rxg2 26. Ne4 Nf2+
27. Kxg2 Nxe4 28. Rf4 Nd6 29. Nb3 Be3 30. Rg4 Rc8 31. Kf3 Nf5 32. c4 Kd7 33.
Ke2 Bg5 34. c5 Bxf6 35. Rb4 a5 0-1

[Event "Madrid ch 2021-2022 Semifinal"]
[Site "Madrid ESP"]
[Date "2022.05.10"]
[Round "7.4"]
[White "Simonyan, Arturo"]
[Black "Martinez Fernandez, Raul"]
[Result "0-1"]
[WhiteElo "1895"]
[BlackElo "2204"]
[PlyCount "140"]
[EventDate "2022.05.04"]
[EventType "swiss"]
[EventRounds "9"]
[EventCountry "ESP"]
[SourceTitle "Ajedrez en Madrid"]
[Source "lmi"]
[SourceDate "2022.05.04"]
[SourceVersion "1"]
[SourceVersionDate "2022.05.15"]
[SourceQuality "1"]

1. e4 e5 2. Nf3 Nc6 3. d4 exd4 4. Nxd4 Nf6 5. Nxc6 bxc6 6. e5 Qe7 7. Qe2 Nd5 8.
c4 Ba6 9. b3 O-O-O 10. g3 h5 11. h4 f6 12. Bb2 fxe5 13. Qd2 Nf6 14. Bh3 Kb8 15.
O-O d5 16. Qa5 Bb7 17. Re1 e4 18. Bd4 c5 19. Be3 d4 20. Bf4 Nh7 21. Nd2 g5 22.
hxg5 Nxg5 23. Bxg5 Qxg5 24. Nxe4 Qg6 25. Nxc5 Bxc5 26. Qxc5 h4 27. Re7 Qb6 28.
Qxb6 axb6 29. Bg2 hxg3 30. fxg3 Bc8 31. Rd1 Rhg8 32. Kf2 Rdf8+ 33. Bf3 Rxf3+
34. Kxf3 Bg4+ 35. Ke4 Bxd1 36. Kxd4 Rxg3 37. Re1 Bh5 38. c5 Rg4+ 39. Kc3 bxc5
40. Re5 Rg3+ 41. Kc4 Bf7+ 42. Kxc5 Rg2 43. Re7 Bh5 44. a4 Rg3 45. b4 Rc3+ 46.
Kb5 Bf3 47. Ka5 Bd1 48. Re4 Bc2 49. Rf4 Re3 50. b5 Kb7 51. Kb4 Rb3+ 52. Kc5 Ra3
53. b6 cxb6+ 54. Kb5 Rb3+ 55. Kc4 Ra3 56. Kb5 Bd3+ 57. Kb4 Ra1 58. Rd4 Bc2 59.
Kc3 Rxa4 60. Rd6 Bf5 61. Kb3 Re4 62. Kc3 Re6 63. Rd5 Be4 64. Rg5 Kc6 65. Kb4
Bd5 66. Rg1 Re4+ 67. Ka3 Kc5 68. Rc1+ Rc4 69. Re1 Rc2 70. Ra1 b5 0-1

[Event "Madrid ch 2021-2022 Semifinal"]
[Site "Madrid ESP"]
[Date "2022.05.10"]
[Round "7.5"]
[White "Pindado Campos, Raul"]
[Black "Barez Menendez, Hector"]
[Result "1/2-1/2"]
[WhiteElo "2073"]
[BlackElo "2066"]
[PlyCount "73"]
[EventDate "2022.05.04"]
[EventType "swiss"]
[EventRounds "9"]
[EventCountry "ESP"]
[SourceTitle "Ajedrez en Madrid"]
[Source "lmi"]
[SourceDate "2022.05.04"]
[SourceVersion "1"]
[SourceVersionDate "2022.05.15"]
[SourceQuality "1"]

1. d4 d5 2. c4 e6 3. Nc3 Nf6 4. cxd5 exd5 5. Bg5 c6 6. e3 Be7 7. Bd3 Nbd7 8.
Nge2 O-O 9. O-O Re8 10. Qc2 g6 11. f3 Nh5 12. Bxe7 Qxe7 13. e4 Nb6 14. e5 c5
15. g4 Ng7 16. Nf4 cxd4 17. Nfxd5 Qxe5 18. Rae1 Qd6 19. Ne4 Rxe4 20. fxe4 Nxd5
21. exd5 Bxg4 22. Qf2 Qxd5 23. Be4 Qxa2 24. Qxd4 Be6 25. Re3 Qc4 26. Qxc4 Bxc4
27. Rc1 Be6 28. Rc7 Ne8 29. Rxb7 Nd6 30. Rb4 Nxe4 31. Rexe4 a5 32. Rb5 a4 33.
Reb4 Kg7 34. Rb8 Rxb8 35. Rxb8 g5 36. Rb4 Bb3 37. h4 1/2-1/2

[Event "Madrid ch 2021-2022 Semifinal"]
[Site "Madrid ESP"]
[Date "2022.05.10"]
[Round "7.6"]
[White "Ruiz Vazquez, Javier"]
[Black "Rey Martinez, Jaime"]
[Result "1/2-1/2"]
[WhiteElo "1960"]
[BlackElo "2055"]
[PlyCount "51"]
[EventDate "2022.05.04"]
[EventType "swiss"]
[EventRounds "9"]
[EventCountry "ESP"]
[SourceTitle "Ajedrez en Madrid"]
[Source "lmi"]
[SourceDate "2022.05.04"]
[SourceVersion "1"]
[SourceVersionDate "2022.05.15"]
[SourceQuality "1"]

1. e4 c5 2. Nf3 Nc6 3. d4 cxd4 4. Nxd4 g6 5. c4 Nf6 6. Nc3 d6 7. Be2 Nxd4 8.
Qxd4 Bg7 9. O-O O-O 10. Qd3 Be6 11. Rb1 Rc8 12. b3 Nd7 13. Rd1 Nc5 14. Qc2 a6
15. Bb2 Qc7 16. Nd5 Bxd5 17. exd5 Bxb2 18. Qxb2 a5 19. h4 Qd7 20. Qd4 Rc7 21.
Rbc1 Qf5 22. Rc3 Qf6 23. Qxf6 exf6 24. Re3 Rcc8 25. Re1 Rfe8 26. Bf1 1/2-1/2

[Event "Madrid ch 2021-2022 Semifinal"]
[Site "Madrid ESP"]
[Date "2022.05.10"]
[Round "7.7"]
[White "Neagu, Roberto Florin"]
[Black "Elissalt Cardenas, Hector"]
[Result "1/2-1/2"]
[WhiteElo "2076"]
[BlackElo "2285"]
[PlyCount "107"]
[EventDate "2022.05.04"]
[EventType "swiss"]
[EventRounds "9"]
[EventCountry "ESP"]
[SourceTitle "Ajedrez en Madrid"]
[Source "lmi"]
[SourceDate "2022.05.04"]
[SourceVersion "1"]
[SourceVersionDate "2022.05.15"]
[SourceQuality "1"]

1. c4 c5 2. Nc3 Nf6 3. g3 d5 4. cxd5 Nxd5 5. Bg2 Nc7 6. Nf3 Nc6 7. O-O e5 8. a3
Be7 9. b4 f6 10. b5 Nd4 11. Rb1 O-O 12. d3 Bg4 13. Nd2 Rb8 14. Nc4 b6 15. h3
Be6 16. g4 Nd5 17. Bd2 Nxc3 18. Bxc3 Bd5 19. Bxd5+ Qxd5 20. e4 Qd7 21. Bxd4
cxd4 22. a4 g5 23. Qb3 Kg7 24. Kg2 h5 25. f3 Rh8 26. Rh1 Rh6 27. Nd2 Rhh8 28.
Nf1 h4 29. Nd2 Rbc8 30. Rhc1 Rxc1 31. Rxc1 Rc8 32. Nc4 Rc5 33. Rb1 Qc7 34. Ra1
Qd7 35. Rb1 Qc7 36. a5 bxa5 37. Kf2 Bd8 38. Ke2 Qe7 39. Qa4 Qd7 40. Qb3 Bb6 41.
Rb2 Bd8 42. Kd2 Bb6 43. Kd1 Bd8 44. Ke2 Bb6 45. Kd2 Bd8 46. Kd1 Bb6 47. Kc1 Bd8
48. Kb1 Bb6 49. Ka2 Bd8 50. Kb1 Bb6 51. Ka1 Bd8 52. Ka2 Bb6 53. Qa4 Bd8 54. Qb3
1/2-1/2

[Event "Madrid ch 2021-2022 Semifinal"]
[Site "Madrid ESP"]
[Date "2022.05.10"]
[Round "7.8"]
[White "Armenteros Peral, Javier"]
[Black "Garcia Dorado, Alberto"]
[Result "0-1"]
[WhiteElo "2000"]
[BlackElo "2220"]
[PlyCount "71"]
[EventDate "2022.05.04"]
[EventType "swiss"]
[EventRounds "9"]
[EventCountry "ESP"]
[SourceTitle "Ajedrez en Madrid"]
[Source "lmi"]
[SourceDate "2022.05.04"]
[SourceVersion "1"]
[SourceVersionDate "2022.05.15"]
[SourceQuality "1"]

1. e4 d5 2. exd5 Qxd5 3. Nc3 Qa5 4. d4 Nf6 5. Bd3 Bg4 6. f3 Bf5 7. Nge2 Bxd3 8.
Qxd3 Nc6 9. Qb5 Qxb5 10. Nxb5 O-O-O 11. Be3 Nd5 12. Bf2 Ndb4 13. Na3 e5 14. O-O
exd4 15. Nf4 Nd5 16. Nd3 Bxa3 17. bxa3 Rhe8 18. Rfe1 b6 19. Rxe8 Rxe8 20. Kf1
Ne3+ 21. Bxe3 Rxe3 22. a4 Ne5 23. Nxe5 Rxe5 24. Rd1 c5 25. Rd3 Kc7 26. a5 b5
27. Kf2 Kc6 28. f4 Re4 29. Kf3 Kd5 30. g4 c4 31. Rd2 Re3+ 32. Kf2 Ke4 33. f5
Rf3+ 34. Kg1 c3 35. Re2+ Re3 36. Rf2 0-1

[Event "Madrid ch 2021-2022 Semifinal"]
[Site "Madrid ESP"]
[Date "2022.05.10"]
[Round "7.9"]
[White "Barraza Caracuel, Ignacio"]
[Black "Perdomo Araujo, Angel Eduardo"]
[Result "1/2-1/2"]
[WhiteElo "2100"]
[BlackElo "2065"]
[PlyCount "47"]
[EventDate "2022.05.04"]
[EventType "swiss"]
[EventRounds "9"]
[EventCountry "ESP"]
[SourceTitle "Ajedrez en Madrid"]
[Source "lmi"]
[SourceDate "2022.05.04"]
[SourceVersion "1"]
[SourceVersionDate "2022.05.15"]
[SourceQuality "1"]

1. e4 d5 2. e5 Bf5 3. d4 e6 4. Bd3 c5 5. Bxf5 exf5 6. dxc5 Nc6 7. Nf3 Bxc5 8.
O-O Nge7 9. Bg5 h6 10. Bxe7 Nxe7 11. Nbd2 O-O 12. Nb3 Bb6 13. c3 Qd7 14. Nbd4
Nc6 15. Qd3 g6 16. Rfe1 Rfe8 17. Re2 Rac8 18. Rae1 Nxd4 19. Nxd4 Qa4 20. e6
Bxd4 21. exf7+ Kxf7 22. cxd4 Qc4 23. Qxc4 dxc4 24. Kf1 1/2-1/2

[Event "Madrid ch 2021-2022 Semifinal"]
[Site "Madrid ESP"]
[Date "2022.05.10"]
[Round "7.10"]
[White "Tenorio Garcia, Joel"]
[Black "Rodriguez Melendez, Juan Humberto"]
[Result "1/2-1/2"]
[WhiteElo "2027"]
[BlackElo "2098"]
[PlyCount "94"]
[EventDate "2022.05.04"]
[EventType "swiss"]
[EventRounds "9"]
[EventCountry "ESP"]
[SourceTitle "Ajedrez en Madrid"]
[Source "lmi"]
[SourceDate "2022.05.04"]
[SourceVersion "1"]
[SourceVersionDate "2022.05.15"]
[SourceQuality "1"]

1. e4 c5 2. Nf3 d6 3. d4 cxd4 4. Nxd4 Nf6 5. Nc3 a6 6. Bc4 e6 7. Bb3 b5 8. O-O
Be7 9. Qf3 Qb6 10. Be3 Qb7 11. Qg3 O-O 12. Bh6 Ne8 13. Rad1 Nc6 14. Bg5 Bxg5
15. Qxg5 Nf6 16. Nxc6 Qxc6 17. Rd3 Nxe4 18. Nxe4 Qxe4 19. Rxd6 Bb7 20. f3 Qb4
21. Rfd1 Bd5 22. Qe5 Bxb3 23. axb3 Rac8 24. R6d4 Qa5 25. Rg4 g6 26. c4 Qb4 27.
Qc3 Qe7 28. Rgd4 Rc7 29. Qd3 Qc5 30. Kh1 Rcc8 31. h3 Qe5 32. Qd2 Rb8 33. Re1
Qc7 34. Rd1 Qb6 35. Rd6 Qc5 36. Rd4 bxc4 37. bxc4 Rb4 38. Qc3 a5 39. Rd8 Rb8
40. R8d4 a4 41. Rd7 Qb4 42. Qc2 Rbc8 43. R7d4 e5 44. Re4 Rc5 45. Ra1 Ra5 46. c5
Qxc5 47. Qxc5 Rxc5 1/2-1/2

[Event "Madrid ch 2021-2022 Semifinal"]
[Site "Madrid ESP"]
[Date "2022.05.10"]
[Round "7.11"]
[White "Portero Rubio, Martin"]
[Black "Gueler Berdasco, Martin"]
[Result "0-1"]
[WhiteElo "1868"]
[BlackElo "1946"]
[PlyCount "72"]
[EventDate "2022.05.04"]
[EventType "swiss"]
[EventRounds "9"]
[EventCountry "ESP"]
[SourceTitle "Ajedrez en Madrid"]
[Source "lmi"]
[SourceDate "2022.05.04"]
[SourceVersion "1"]
[SourceVersionDate "2022.05.15"]
[SourceQuality "1"]

1. e4 c5 2. c3 d5 3. exd5 Qxd5 4. d4 Nf6 5. Nf3 Bg4 6. Nbd2 cxd4 7. Bc4 Qh5 8.
Qb3 Nbd7 9. Qxb7 Rb8 10. Qxa7 dxc3 11. bxc3 e5 12. Ba3 Bxf3 13. Nxf3 Bxa3 14.
Qxa3 Qg4 15. Be2 e4 16. O-O exf3 17. Bxf3 Qc4 18. Rfe1+ Kd8 19. Qe7+ Kc8 20.
Be2 Qc5 21. Ba6+ Kc7 22. Qxf7 Rb2 23. Be2 Re8 24. Kf1 Re4 25. Rab1 Rexe2 26.
Rxe2 Rxb1+ 27. Re1 Rb2 28. Re3 Rb1+ 29. Ke2 Qh5+ 30. Qxh5 Nxh5 31. g4 Nf4+ 32.
Kf3 Ng6 33. Re8 Nde5+ 34. Kg3 Rg1+ 35. Kh3 Nf4+ 36. Kh4 Rxg4# 0-1

[Event "Madrid ch 2021-2022 Semifinal"]
[Site "Madrid ESP"]
[Date "2022.05.10"]
[Round "7.12"]
[White "Marcos Herrero, Francisco"]
[Black "Longa Yauca, Javier"]
[Result "0-1"]
[WhiteElo "1939"]
[BlackElo "2259"]
[PlyCount "52"]
[EventDate "2022.05.04"]
[EventType "swiss"]
[EventRounds "9"]
[EventCountry "ESP"]
[SourceTitle "Ajedrez en Madrid"]
[Source "lmi"]
[SourceDate "2022.05.04"]
[SourceVersion "1"]
[SourceVersionDate "2022.05.15"]
[SourceQuality "1"]

1. d4 Nf6 2. c4 e6 3. g3 d6 4. Bg2 Nbd7 5. Nf3 e5 6. Nc3 c6 7. e4 Be7 8. O-O
O-O 9. b4 exd4 10. Nxd4 Ne5 11. Qb3 a5 12. bxa5 Qxa5 13. Rd1 Qc5 14. Bf1 Bg4
15. Be3 Bxd1 16. Rxd1 Qa5 17. Nf5 Rfe8 18. Qxb7 Bf8 19. Qb3 Rab8 20. Qc2 Qa3
21. Bc1 Qb4 22. Bf4 g6 23. Ne3 Qb2 24. Rc1 Qxc2 25. Rxc2 Nf3+ 26. Kh1 g5 0-1

[Event "Madrid ch 2021-2022 Semifinal"]
[Site "Madrid ESP"]
[Date "2022.05.10"]
[Round "7.13"]
[White "Palomo Monserrat, Lorenzo"]
[Black "De La Puerta Cresis, Javier"]
[Result "0-1"]
[WhiteElo "1862"]
[BlackElo "2128"]
[PlyCount "50"]
[EventDate "2022.05.04"]
[EventType "swiss"]
[EventRounds "9"]
[EventCountry "ESP"]
[SourceTitle "Ajedrez en Madrid"]
[Source "lmi"]
[SourceDate "2022.05.04"]
[SourceVersion "1"]
[SourceVersionDate "2022.05.15"]
[SourceQuality "1"]

1. d4 Nf6 2. c4 g6 3. Nc3 Bg7 4. e4 d6 5. Nf3 O-O 6. Be2 e5 7. O-O Nc6 8. d5
Ne7 9. Ne1 Nd7 10. Be3 f5 11. f3 f4 12. Bf2 g5 13. Nd3 Ng6 14. c5 Nf6 15. a4
Rf7 16. Qc2 Bf8 17. Rfc1 g4 18. cxd6 cxd6 19. Nb5 g3 20. hxg3 fxg3 21. Bxg3 Nh5
22. Be1 Bh6 23. Bb4 Be3+ 24. Kf1 Qh4 25. Bd1 Ng3+ 0-1

[Event "Madrid ch 2021-2022 Semifinal"]
[Site "Madrid ESP"]
[Date "2022.05.10"]
[Round "7.14"]
[White "Lopez Herrero, Israel"]
[Black "Sanchez Garcia, Aurelio"]
[Result "1-0"]
[WhiteElo "1824"]
[BlackElo "1988"]
[PlyCount "59"]
[EventDate "2022.05.04"]
[EventType "swiss"]
[EventRounds "9"]
[EventCountry "ESP"]
[SourceTitle "Ajedrez en Madrid"]
[Source "lmi"]
[SourceDate "2022.05.04"]
[SourceVersion "1"]
[SourceVersionDate "2022.05.15"]
[SourceQuality "1"]

1. e4 e6 2. d4 d5 3. e5 c5 4. c3 Nc6 5. Nf3 Bd7 6. Be2 f6 7. Bf4 Qc7 8. O-O
O-O-O 9. Bg3 f5 10. dxc5 Bxc5 11. b4 Be7 12. a4 g5 13. h4 f4 14. Bh2 h6 15. Na3
Nxe5 16. Nb5 Nxf3+ 17. Bxf3 Bxb5 18. axb5 Qb6 19. Qe2 Nf6 20. Ra4 Rhg8 21. Bg4
Nxg4 22. Qxg4 gxh4 23. Qxf4 Bd6 24. Qxh4 e5 25. Qxh6 Qxb5 26. Rxa7 Bb8 27. Ra8
Kd7 28. Ra5 Qc6 29. Qh7+ Kc8 30. Rc5 1-0

[Event "Madrid ch 2021-2022 Semifinal"]
[Site "Madrid ESP"]
[Date "2022.05.10"]
[Round "7.15"]
[White "Bello Burguet, Glenier Lazaro"]
[Black "Vaquerizo Calvo, Miguel Arturo"]
[Result "1/2-1/2"]
[WhiteElo "1993"]
[BlackElo "2057"]
[PlyCount "151"]
[EventDate "2022.05.04"]
[EventType "swiss"]
[EventRounds "9"]
[EventCountry "ESP"]
[SourceTitle "Ajedrez en Madrid"]
[Source "lmi"]
[SourceDate "2022.05.04"]
[SourceVersion "1"]
[SourceVersionDate "2022.05.15"]
[SourceQuality "1"]

1. c4 Nf6 2. Nf3 g6 3. b3 Bg7 4. Bb2 O-O 5. g3 d6 6. Bg2 e5 7. O-O Nc6 8. d4
Nd7 9. e3 a5 10. Nc3 exd4 11. exd4 Nb6 12. d5 Ne5 13. Nxe5 Bxe5 14. Qd2 a4 15.
Nb5 Bxb2 16. Qxb2 Bd7 17. Nd4 Qf6 18. Qd2 axb3 19. axb3 Rfe8 20. h4 h5 21. Rfd1
Bg4 22. Rxa8 Rxa8 23. Re1 Nd7 24. Qe3 Nc5 25. Nb5 Na6 26. f3 Bd7 27. Qe7 Qxe7
28. Rxe7 Rd8 29. Nd4 Nc5 30. Bf1 Re8 31. Rxe8+ Bxe8 32. Kf2 Kg7 33. Ke3 Kf6 34.
Kd2 Bd7 35. Kc3 Ke5 36. b4 Na4+ 37. Kd3 Nb2+ 38. Ke3 Nd1+ 39. Kd3 Nb2+ 40. Ke3
Nd1+ 41. Kd3 Bf5+ 42. Nxf5 gxf5 43. f4+ Kf6 44. Be2 Nf2+ 45. Kd4 Kg6 46. c5 Ne4
47. Bf3 Nxg3 48. b5 dxc5+ 49. Kxc5 Ne4+ 50. Bxe4 fxe4 51. b6 cxb6+ 52. Kxb6 e3
53. d6 e2 54. d7 e1=Q 55. d8=Q Qb4+ 56. Ka7 Qxf4 57. Qg8+ Kf6 58. Qh8+ Ke7 59.
Qxh5 Qd4+ 60. Kxb7 Qb4+ 61. Kc6 Qa4+ 62. Kb6 Qb4+ 63. Kc6 Qd6+ 64. Kb5 Qd3+ 65.
Kb4 Kd6 66. Qg5 Ke6 67. h5 Qd4+ 68. Kb3 Qd3+ 69. Kb2 Qe2+ 70. Kb1 Qf1+ 71. Kc2
Qf5+ 72. Qxf5+ Kxf5 73. Kd3 Kg5 74. Ke4 f5+ 75. Ke5 Kxh5 76. Kxf5 1/2-1/2